Főuri vadászat
Informácia o tom, že 15.01.1914 došli do Humenného na veľkopanskú poľovačku uhorskí grófi a baróni. Organizátorom je gróf Alexander Andráši. Menoslov účastníkov a ich šlachtický titul.
| Médium: | Článok |
|---|---|
| Jazyk: | Hungarian |
| Témy: | |
| Zdroj: |
1. Homonna és Vidéke : Hetilap 1. Roč. 14, č. 3 (18.01.1914) s. 2 |
| LEADER | 00914nab#a2200301#ar4500 | ||
|---|---|---|---|
| 001 | 000072263 | ||
| 003 | SVKKK | ||
| 005 | 20020518xxxxxxx. | ||
| 008 | 06 c xo huno | ||
| FMT | |||
| 038 | |a SVKKK | ||
| 040 | |a SVKKK |b slo |e AACR2 | ||
| 041 | 0 | |a hun | |
| 044 | |a xo |c SK | ||
| 080 | |a 639 | ||
| 242 | 1 | 0 | |a Veľkopanská poľovačka |
| 245 | 0 | 0 | |a Főuri vadászat |
| 500 | |a mikrofilm | ||
| 520 | 2 | |a Informácia o tom, že 15.01.1914 došli do Humenného na veľkopanskú poľovačku uhorskí grófi a baróni. Organizátorom je gróf Alexander Andráši. Menoslov účastníkov a ich šlachtický titul. | |
| 650 | 0 | 4 | |a poľovačky veľkopanské - Humenné - 15.01.1914 - informácie |
| 773 | 0 | |t Homonna és Vidéke : Hetilap |g Roč. 14, č. 3 (18.01.1914) s. 2 | |
| 957 | |a Humenné | ||
| 958 | |a DG | ||
| 958 | |a SK | ||
| 974 | |a Ba |d 20020518 | ||
| 992 | |a RBX | ||
| BAS | |||
| 998 | |a RETRO | ||